Sexual orientation & gender identity : (Record no. 94845)

MARC details
000 -LEADER
fixed length control field 00949nam a22002537a 4500
005 - DATE AND TIME OF LATEST TRANSACTION
control field 20150903110136.0
010 ## - LCCN (DPL NO)
LC control number ENG-113443
020 ## - INTERNATIONAL STANDARD BOOK NUMBER
Terms of availability 350.00
International Standard Book Number 9789350355244
035 ## - SYSTEM CONTROL NUMBER
System control number EN-96975
037 ## - SOURCE OF ACQUISITION
Source of stock number/acquisition DBAD/PUB
082 ## - DEWEY DECIMAL CLASSIFICATION NUMBER
Classification number 342.54087
100 ## - MAIN ENTRY--PERSONAL NAME
Personal name Kirby, Michael D.
245 ## - TITLE STATEMENT
Title Sexual orientation & gender identity :
Statement of responsibility, etc by Michael D. Kirby
Remainder of title a new province of law for India /
246 ## - VARYING FORM OF TITLE
Title proper/short title Sexual orientation and gender identity
260 ## - PUBLICATION, DISTRIBUTION, ETC. (IMPRINT)
Place of publication, distribution, etc Delhi
Name of publisher, distributor, etc Universal Law Publishing
Date of publication, distribution, etc 2015
270 ## - ADDRESS
Address A-58, G.T. Karnal Road Industrial Area,
City Delhi
Postal code 110033
300 ## - PHYSICAL DESCRIPTION
Extent xiii,266p.
Dimensions 18cm(pbk)
490 ## - SERIES STATEMENT
Series statement Tagore law lectures
500 ## - GENERAL NOTE
General note Supported by Society of Indian Law Firms, Bar Association of India.
500 ## - GENERAL NOTE
General note Includes bibliographical references.
650 ## - SUBJECT ADDED ENTRY--TOPICAL TERM
Topical term or geographic name as entry element Homosexuality
General subdivision Law and legislation
Geographic subdivision India.
650 ## - SUBJECT ADDED ENTRY--TOPICAL TERM
Topical term or geographic name as entry element Gender identity
General subdivision Law and legislation
Geographic subdivision India.
942 ## - ADDED ENTRY ELEMENTS (KOHA)
Source of classification or shelving scheme Dewey Decimal Classification
Item type English Books
Call number suffix KIR
Classification part 342.54087
Holdings
Withdrawn status Lost status Not for loan Collection code Home library Current library Date acquired Source of acquisition Cost, normal purchase price Full call number Barcode Copy number Cost, replacement price Koha item type
    Not For Loan Non-fiction D.B.Act.Division D.B.Act.Division 13/07/2015 DBAD/PUB 350.00 342.54087 KIR EN-96975 1 350.00 English Books

© Delhi Public Library
Hit Counter
free hit counter